000 00516nam a2200229Ia 4500
003 0100
008 130303s9999 xx 000 0 und d
020 _a534238149
040 _cARRUPELIB
050 _aHM51.C4571995
100 _aCharon, Joel M
245 _aTen questions
245 _ba sociological perspective
250 _a2nd
260 _aBelmont
260 _bWadsworth Publishing Co.
260 _C1995
300 _axii
300 _b 269 p.22cm
700 _aJoel M. Charon
942 0 0 _05
999 _c12864
_d12864